| 000 | 00617nam a2200193 a 4500 | ||
|---|---|---|---|
| 001 | 000047049 | ||
| 005 | 20240321112818.0 | ||
| 008 | 180412s2016 dr a 000 0 spa d | ||
| 020 | _a9789945123722 | ||
| 040 |
_aDO-SdBNP _bspa _cBNPHU |
||
| 082 |
_axxxx _bL937m, 5a |
||
| 100 | 1 |
_aLuciano López, Margarita, _d1950- _984993 |
|
| 245 | 1 | 0 |
_aMatemática 5 : _bnivel primaria / _cMargarita Luciano López. |
| 260 |
_aSanto Domingo : _bSusaeta, _c2016. |
||
| 300 |
_a228 P. : _bil. ; _c27 cm. |
||
| 500 | _aEnfoque por competencias. Nuevo currículo | ||
| 504 | _aBibliografía : p. 228 | ||
| 590 | _aInventariado, 2018/LP | ||
| 999 |
_c46537 _d46537 |
||